<?xml version="1.0" encoding="UTF-8"?>
<collection xmlns="http://www.loc.gov/MARC21/slim">
 <record>
  <leader>01979nam a22002537a 4500</leader>
  <controlfield tag="001">NCT_74811</controlfield>
  <controlfield tag="008">200220b        xxu||||| |||| 00| 0 vie d</controlfield>
  <datafield tag="999" ind1=" " ind2=" ">
   <subfield code="c">3647</subfield>
   <subfield code="d">3647</subfield>
  </datafield>
  <datafield tag="020" ind1=" " ind2=" ">
   <subfield code="a">9786046633648</subfield>
   <subfield code="c">56000</subfield>
  </datafield>
  <datafield tag="082" ind1="0" ind2="4">
   <subfield code="2">23rd ed.</subfield>
   <subfield code="a">615.10724</subfield>
   <subfield code="b">Th500</subfield>
  </datafield>
  <datafield tag="100" ind1="1" ind2=" ">
   <subfield code="a">Thái Nguyễn Hồng Thu</subfield>
   <subfield code="e">Chủ biên</subfield>
  </datafield>
  <datafield tag="245" ind1="1" ind2="0">
   <subfield code="a">Thực hành tốt phòng thí nghiệm (GLP) :</subfield>
   <subfield code="b">Tài liệu đào tạo đại học và sau đại học</subfield>
   <subfield code="c">Thái Nguyễn Hồng Thu (chủ biên) ; Lê Đình Chi (biên soạn)</subfield>
  </datafield>
  <datafield tag="260" ind1=" " ind2=" ">
   <subfield code="a">H.</subfield>
   <subfield code="b">Y học</subfield>
   <subfield code="c">2018</subfield>
  </datafield>
  <datafield tag="300" ind1=" " ind2=" ">
   <subfield code="a">127 tr.</subfield>
   <subfield code="b">bảng</subfield>
   <subfield code="c">27cm</subfield>
  </datafield>
  <datafield tag="500" ind1=" " ind2=" ">
   <subfield code="a">ĐTTS ghi: Trường Đại học Dược Hà Nội</subfield>
  </datafield>
  <datafield tag="520" ind1="3" ind2=" ">
   <subfield code="a"> Sách giới thiệu các nội dung rất đại cương về quá trình hình thành và lịch sử phát triển của các nguyên tắc thực hành tốt phòng thí nghiệm chủ yếu là GLP của ISO/IEC 17025. Nội dung cơ bản của nguyên tắc Thực hành tốt phòng kiểm nghiệm thuốc và tóm tắt các công việc cần thực hiện khi triển khai GLP.</subfield>
  </datafield>
  <datafield tag="653" ind1=" " ind2=" ">
   <subfield code="a">Dược học</subfield>
  </datafield>
  <datafield tag="700" ind1="1" ind2=" ">
   <subfield code="a">Lê Đình Chi</subfield>
   <subfield code="e">Biên soạn</subfield>
  </datafield>
  <datafield tag="942" ind1=" " ind2=" ">
   <subfield code="2">ddc</subfield>
   <subfield code="c">BK</subfield>
  </datafield>
  <datafield tag="952" ind1=" " ind2=" ">
   <subfield code="0">0</subfield>
   <subfield code="1">0</subfield>
   <subfield code="2">ddc</subfield>
   <subfield code="4">0</subfield>
   <subfield code="6">615_107240000000000_TH500</subfield>
   <subfield code="7">0</subfield>
   <subfield code="9">18735</subfield>
   <subfield code="a">000001</subfield>
   <subfield code="b">000001</subfield>
   <subfield code="d">2020-02-20</subfield>
   <subfield code="o">615.10724 Th500</subfield>
   <subfield code="p">MD.16376</subfield>
   <subfield code="r">2020-02-20</subfield>
   <subfield code="v">56000.00</subfield>
   <subfield code="w">2020-02-20</subfield>
   <subfield code="y">BK</subfield>
  </datafield>
  <datafield tag="952" ind1=" " ind2=" ">
   <subfield code="0">0</subfield>
   <subfield code="1">0</subfield>
   <subfield code="2">ddc</subfield>
   <subfield code="4">0</subfield>
   <subfield code="6">615_107240000000000_TH500</subfield>
   <subfield code="7">0</subfield>
   <subfield code="9">18736</subfield>
   <subfield code="a">000001</subfield>
   <subfield code="b">000001</subfield>
   <subfield code="d">2020-02-20</subfield>
   <subfield code="l">1</subfield>
   <subfield code="o">615.10724 Th500</subfield>
   <subfield code="p">MD.16377</subfield>
   <subfield code="r">2021-03-15</subfield>
   <subfield code="s">2021-03-04</subfield>
   <subfield code="v">56000.00</subfield>
   <subfield code="w">2020-02-20</subfield>
   <subfield code="y">BK</subfield>
  </datafield>
  <datafield tag="952" ind1=" " ind2=" ">
   <subfield code="0">0</subfield>
   <subfield code="1">0</subfield>
   <subfield code="2">ddc</subfield>
   <subfield code="4">0</subfield>
   <subfield code="6">615_107240000000000_TH500</subfield>
   <subfield code="7">0</subfield>
   <subfield code="9">18737</subfield>
   <subfield code="a">000001</subfield>
   <subfield code="b">000001</subfield>
   <subfield code="d">2020-02-20</subfield>
   <subfield code="l">2</subfield>
   <subfield code="o">615.10724 Th500</subfield>
   <subfield code="p">MD.16378</subfield>
   <subfield code="r">2020-06-11</subfield>
   <subfield code="s">2020-06-01</subfield>
   <subfield code="v">56000.00</subfield>
   <subfield code="w">2020-02-20</subfield>
   <subfield code="y">BK</subfield>
  </datafield>
  <datafield tag="952" ind1=" " ind2=" ">
   <subfield code="0">0</subfield>
   <subfield code="1">0</subfield>
   <subfield code="2">ddc</subfield>
   <subfield code="4">0</subfield>
   <subfield code="6">615_107240000000000_TH500</subfield>
   <subfield code="7">0</subfield>
   <subfield code="9">18738</subfield>
   <subfield code="a">000001</subfield>
   <subfield code="b">000001</subfield>
   <subfield code="d">2020-02-20</subfield>
   <subfield code="l">1</subfield>
   <subfield code="o">615.10724 Th500</subfield>
   <subfield code="p">MD.16379</subfield>
   <subfield code="r">2020-03-27</subfield>
   <subfield code="s">2020-03-17</subfield>
   <subfield code="v">56000.00</subfield>
   <subfield code="w">2020-02-20</subfield>
   <subfield code="y">BK</subfield>
  </datafield>
  <datafield tag="980" ind1=" " ind2=" ">
   <subfield code="a">Thư viện Trường Đại học Nam Cần Thơ</subfield>
  </datafield>
 </record>
</collection>
